01460nam a2200265Ia 450000100060000000300090000600800410001504000130005604000130006904100130008210000210009510000290011624000390014524000350018424500380021924500380025725000110029526000110030626000160031726000490033330000430038250007030042565000350112865000310116314122IT-RoPAU130308s9999 xx 000 0 und d aIT-RoPAU cIT-RoPAU aITALIANO aBaudrillard Jean gCodice Aut. SPICS: 9442 aECHANGE symbolique ET LA MORT (L') gCodice Tit. Orig. Spics: T1182 aScambio simbolico e la morte (Lo) bScambio Simbolico e la Morte (Lo) a1a ed. aMILANO bFeltrinelli c1979 [1° Ed.:1979 - Ed.Ling.Originale:1976] a"256 p. (prefazione: no ; testo: 256)" aFine della Produzione Rivoluzione Strutturale del Valore Economia Politica Come Modello di simulazione Lavoro e Morte Ordine dei simulacri simulacro Industriale Metafisica del Codice tattile e Digitale Iperrealismo della simulazione Kool Killer o L'Insurrezione Mediante I Segni moda e Fantasmagoria del Codice Fluttuazione dei Segni Corpo e Carnaio di Segni Corpo Marcato Nudità seconda Strip Tease narcisismo Diretto manipolazione Incestuosa Modelli del Corpo Demagogia del Corpo Economia Politica e Morte Estradizione dei Morti Scambio della Morte nell'Ordine Primitivo pulsione di Morte Sterminio del Nome di Dio Anagramma immaginario della Linguistica Witz o fantasma dell'Economico in Freud aSAGGI DI COMUNICAZIONE SOCIALE eCodice materia Spics: 3807